|
|
|
|
| LEADER |
01302cam a2200277 a 4500 |
| 001 |
2614852 |
| 003 |
GR-PaULI |
| 005 |
20240904122400.0 |
| 008 |
980318s1998 pauab b 001 0 eng |
| 010 |
|
|
|a 98017931
|
| 020 |
|
|
|a 0898714133
|
| 040 |
|
|
|a DLC
|c DLC
|d DLC
|b gre
|e AACR2
|
| 082 |
0 |
4 |
|a 519.5
|2 23
|
| 245 |
0 |
0 |
|a Statistical case studies :
|b a collaboration between academe and industry /
|c [compiled by] Roxy Peck, Larry D. Haugh, Arnold Goodman.
|
| 260 |
|
|
|a Philadelphia, Pa. :
|b Society for Industrial and Applied Mathematics ;
|a Alexandria, Va. :
|b American Statistical Association,
|c c1998.
|
| 300 |
|
|
|a xxxi, 282 σ. :
|b εικ., χάρτης ;
|c 26 εκ.
|
| 490 |
1 |
|
|a ASA-SIAM series on statistics and applied probability
|
| 504 |
|
|
|a Includes bibliographical references and index.
|
| 650 |
|
4 |
|a Στατιστική
|9 85
|
| 700 |
1 |
|
|a Peck, Roxy
|9 205472
|e επιμελητής.
|
| 700 |
1 |
|
|a Haugh, Larry D.
|9 205473
|e επιμελητής.
|
| 700 |
1 |
|
|a Goodman, Arnold
|9 205474
|e επιμελητής.
|
| 830 |
|
0 |
|a ASA-SIAM series on statistics and applied probability
|9 205471
|
| 942 |
|
|
|2 ddc
|c BK
|
| 952 |
|
|
|0 0
|1 0
|2 ddc
|4 0
|6 519_500000000000000_STA
|7 0
|9 383104
|a LISP
|b LISP
|c BSC
|d 2024-09-04
|i 367887
|l 0
|o 519.5 STA
|p 025000292087
|r 2024-09-04 12:24:32
|t 1
|w 2024-09-04
|y BK15
|
| 999 |
|
|
|c 222511
|d 222511
|